[Event "11th TCh-BIH Premier"]
[Site "Jahorina BIH"]
[Date "2012.06.06"]
[Round "5.2"]
[White "Pikula,D"]
[Black "Miljkovic,Mir1"]
[Result "1/2-1/2"]
[WhiteElo "2507"]
[BlackElo "2474"]

1.e4 c5 2.Nf3 Nc6 3.Bb5 d6 4.d4 cxd4 5.Qxd4 Bd7 6.Bxc6 Bxc6 7.Nc3 Nf6 8.Bg5 e6
9.O-O-O Be7 10.Qd3 Rc8  1/2-1/2

[Event "Server24Chess 2012"]
[Site "Ortisei ITA"]
[Date "2012.06.06"]
[Round "5"]
[White "Bernardi,R"]
[Black "Akshat,Chandra"]
[Result "0-1"]
[WhiteElo "2149"]
[BlackElo "2146"]

1.e4 c5 2.Nf3 Nc6 3.Bb5 d6 4.Bxc6+ bxc6 5.O-O Bg4 6.h3 Bh5 7.Re1 e5 8.c3 Be7
9.d4 cxd4 10.cxd4 Qc7 11.Nbd2 Nf6 12.Qc2 O-O 13.dxe5 dxe5 14.Qc3 Nd7 15.Nc4 Rab8
16.a3 f6 17.Nh4 Rfd8 18.Nf5 Bf8 19.b4 c5 20.b5 Rxb5 21.Ncd6 Rbb8 22.Qc4+ Kh8
23.Nb5 Qc6 24.a4 Nb6 25.Qc2 a6 26.Nc3 Bf7 27.Qe2 Nc4 28.Ne3 Na5 29.Ned5 Nb3
30.Ra2 c4 31.Ba3 Nd4 32.Qd1 Bxa3 33.Rxa3 Rb2 34.Qg4 Bxd5 35.Nxd5 Nc2 36.Rg3 Qb7
37.Rd1 Nd4 38.Kh2 Rxf2 39.Rb1 Qf7 40.Ne3 Rf4 41.Qd1 Rc8 42.Nf5 Nxf5 43.exf5 Rd4
44.Qc2 Qc7 45.Qf2 c3 46.Rc1 c2 47.Qe2 e4 48.Qg4 Qd7 49.Qe2 Qxa4 50.Qg4 Qd7
51.Qe2 Qc7 52.Qg4 Rc4 53.Kh1 Rc3 54.Rxc3 Qxc3  0-1

[Event "Server24Chess 2012"]
[Site "Ortisei ITA"]
[Date "2012.06.06"]
[Round "5"]
[White "Valsecchi,A"]
[Black "Rotstein,A"]
[Result "0-1"]
[WhiteElo "2413"]
[BlackElo "2512"]

1.e4 c5 2.Nf3 Nc6 3.Bb5 g6 4.O-O Bg7 5.Re1 e5 6.b4 Nxb4 7.Bb2 Qb6 8.Na3 a6
9.Bf1 Nc6 10.c3 d6 11.d4 Na5 12.Rb1 Qc7 13.Nc2 Ne7 14.Ne3 O-O 15.dxe5 dxe5
16.c4 Nac6 17.Nd5 Nxd5 18.cxd5 Nd4 19.a4 Bg4 20.Bxd4 cxd4 21.Qb3 Rab8 22.Nd2 Rfc8
23.Nc4 b5 24.axb5 axb5 25.Na3 b4 26.Nb5 Qc2 27.Qxc2 Rxc2 28.Rxb4 Bf8 29.Rb3 Ra8
30.h3 Bd7 31.Bd3 Rd2 32.Nc7 Ra7 33.Rc1 Ra3 34.Bc4 d3 35.Ne6 Rc2 36.Rd1 Rxc4
37.Nxf8 Rxb3 38.Nxd7 Kg7 39.Nxe5 Rxe4 40.Nc6 Kf6 41.f3 Ra4 42.Rd2 Rc4 43.Kh2 Rc2
44.Rd1 Rbb2 45.Rxd3 Rxg2+ 46.Kh1 Rgd2  0-1

[Event "5th Mayors Cup 2012"]
[Site "Mumbai IND"]
[Date "2012.06.07"]
[Round "1.3"]
[White "Chadaev,N"]
[Black "Rajeev,V"]
[Result "1-0"]
[WhiteElo "2563"]
[BlackElo "1740"]

1.e4 c5 2.Nf3 Nc6 3.Bb5 g6 4.Bxc6 dxc6 5.h3 Bg7 6.d3 e5 7.Be3 Qe7 8.Nc3 Nf6
9.Qd2 h6 10.a3 Nd7 11.O-O b6 12.Rfb1 a5 13.b3 g5 14.Nh2 O-O 15.Nf1 Rd8 16.Ng3 Nf6
17.Na4 Qc7 18.b4 axb4 19.axb4 Rxa4 20.Rxa4 c4 21.Qc3 cxd3 22.cxd3 g4 23.h4 Bf8
24.Rba1 b5 25.Ra8 Kh7 26.R1a7 Qd6 27.Bc5 Qe6 28.Bxf8 Rxf8 29.Rc7  1-0

[Event "Server24Chess 2012"]
[Site "Ortisei ITA"]
[Date "2012.06.07"]
[Round "6"]
[White "Roesch,Mario"]
[Black "Battistella,S"]
[Result "1/2-1/2"]
[WhiteElo "1980"]
[BlackElo "2104"]

1.e4 c5 2.Nf3 Nc6 3.Bb5 d6 4.d4 cxd4 5.Qxd4 Bd7 6.Bxc6 Bxc6 7.Nc3 e6 8.Bg5 Nf6
9.O-O-O Be7 10.Rhe1 O-O 11.Kb1 Qa5 12.Qd2 Kh8 13.Nd4 Rac8 14.f3 Rfd8 15.g4 Be8
16.Nb3 Qc7 17.Ne2 d5 18.e5 Ng8 19.Bxe7 Nxe7 20.Ned4 Ba4 21.f4 Nc6 22.Nxc6 Bxb3
23.axb3 Qxc6 24.f5 a5 25.Re3 a4 26.bxa4 Qxa4 27.f6 Ra8 28.fxg7+ Kg8 29.Ra3 Qxg4
30.Rg3 Qa4 31.Ra3 Qg4 32.Rg3 Qa4 33.Ra3  1/2-1/2

[Event "5th Sudety Open 2012"]
[Site "Szklarska Poreba POL"]
[Date "2012.06.07"]
[Round "5"]
[White "Cudnik,A"]
[Black "Grela,K"]
[Result "1-0"]
[WhiteElo "2078"]
[BlackElo "1872"]

1.e4 c5 2.Nf3 Nc6 3.Bb5 Nf6 4.Bxc6 dxc6 5.d3 Bg4 6.Nbd2 e6 7.h3 Bh5 8.a4 Qc7
9.O-O Be7 10.Qe1 Rd8 11.Nh2 e5 12.Nc4 b5 13.axb5 cxb5 14.Ne3 c4 15.Nf5 O-O
16.Nxe7+ Qxe7 17.dxc4 bxc4 18.Bg5 Rd7 19.Qe3 Rb8 20.Rfb1 Rbb7 21.Ra6 Qd8
22.g4 Bg6 23.Bxf6 gxf6 24.Nf1 Rd1 25.Raa1 Rxb1 26.Rxb1 Rd7 27.Qe2 Rd4 28.f3 Qb6
29.Kg2 Qd6 30.Kg3 h5 31.Ra1 hxg4 32.hxg4 Qb6 33.Ra2 a6 34.Ne3 Qb5 35.Nd5 Kg7
36.Qe1 Qb7 37.Qa5 Bxe4 38.fxe4 Rxe4 39.Ra3 Rd4 40.Ne3 Rd2 41.Qxd2  1-0

[Event "TCh-EGY 2011-12"]
[Site "Egypt EGY"]
[Date "2012.06.08"]
[Round "22.6"]
[White "Amin,B"]
[Black "Moiseenko,A1"]
[Result "1-0"]
[WhiteElo "2612"]
[BlackElo "2711"]

1.e4 c5 2.Nf3 Nc6 3.Bb5 e6 4.Bxc6 bxc6 5.d3 Ne7 6.O-O Ng6 7.Ng5 d5 8.Qh5 h6
9.Nh3 e5 10.Nc3 Be7 11.f4 Bxh3 12.Qxh3 exf4 13.exd5 cxd5 14.Qf3 d4 15.Qc6+ Kf8
16.Ne2 Rc8 17.Qe4 Kg8 18.Nxf4 Kh7 19.Nxg6 fxg6 20.Bf4 Qd7 21.Bxh6 Kxh6 22.Rf7 Rhe8
23.Re1 Rc7 24.h4 Qd6 25.Qg4 Bf8 26.Rxe8 Rxf7 27.Re6 Rf6 28.Rxd6 Bxd6 29.g3 Rf5
30.Kg2 Kh7 31.c3 Be5 32.cxd4 Bxd4 33.b4 Rf2+ 34.Kh3 Rxa2 35.h5 Ra6 36.Qc8 Rf6
37.hxg6+ Rxg6 38.bxc5 Rg5 39.c6 Bb6 40.Qd7 Rh5+ 41.Kg2 Rc5 42.d4 Rc2+ 43.Kh3 Rd2
44.d5 a5 45.d6 a4 46.c7 Bxc7 47.Qf5+ g6 48.Qf7+  1-0

[Event "26th Pula Open"]
[Site "Pula CRO"]
[Date "2012.06.11"]
[Round "3.16"]
[White "Mencinger,V"]
[Black "Salmoiraghi,A"]
[Result "1-0"]
[WhiteElo "2371"]
[BlackElo "2178"]

1.e4 c5 2.Nf3 Nc6 3.Bb5 g6 4.Bxc6 bxc6 5.O-O Bg7 6.c3 Nh6 7.d4 cxd4 8.cxd4 O-O
9.h3 f5 10.e5 Ba6 11.Re1 Bc4 12.Nc3 Nf7 13.Qa4 Be6 14.Qa3 Re8 15.Bf4 h6 16.h4 Qb8
17.Rad1 Bd5 18.Nxd5 cxd5 19.Re3 Qb6 20.Rb3 Qe6 21.Rc1 Nd8 22.Rc7 Nc6 23.Rbb7 Red8
24.Qe3 Kh7 25.h5 Rab8 26.hxg6+ Kxg6 27.Nh4+ Kh7 28.Qd3 Rxb7 29.Rxb7 Kh8 30.b4 d6
31.exd6 exd6 32.Nxf5 Rf8 33.Nxg7 Qe1+ 34.Kh2 Rxf4 35.Qh3 Qxf2 36.Nf5  1-0

[Event "16th Voronezh Master Open"]
[Site "Voronezh RUS"]
[Date "2012.06.12"]
[Round "1.12"]
[White "Samojlov,A"]
[Black "Fedorov,Alex"]
[Result "1-0"]
[WhiteElo "2290"]
[BlackElo "2571"]

1.e4 c5 2.Nf3 Nc6 3.Bb5 e6 4.O-O Nge7 5.c3 a6 6.Be2 d5 7.exd5 Nxd5 8.d4 cxd4
9.Nxd4 Bd6 10.Bf3 Nce7 11.Na3 O-O 12.c4 Nf6 13.g3 Bxa3 14.bxa3 e5 15.Nb3 Qc7
16.Bg5 Qxc4 17.Bxf6 gxf6 18.Rc1 Qa4 19.Qd6 Ng6 20.Qxf6 Bh3 21.Rfe1 Rae8 22.Bxb7 Re6
23.Qg5 Re7 24.Bd5 Qxa3 25.Nc5 Kg7 26.Qh5 Bc8 27.Ne4 h6 28.Rc6 Qa5 29.Nc3 Rc7
30.Rxg6+ fxg6 31.Qxe5+ Rf6 32.Re3 Bb7 33.Rf3  1-0

[Event "ch-FIN 2012"]
[Site "Helsinki FIN"]
[Date "2012.06.13"]
[Round "3"]
[White "Norri,J"]
[Black "Pudas,T"]
[Result "1/2-1/2"]
[WhiteElo "2334"]
[BlackElo "2313"]

1.e4 c5 2.Nf3 Nc6 3.Bb5 e6 4.Bxc6 bxc6 5.d3 Ne7 6.Ng5 f6 7.Nh3 Ng6 8.f4 Bd6
9.O-O O-O 10.Be3 Qe7 11.Qh5 Qe8 12.Kh1 Rb8 13.Nd2 Be7 14.b3 d6 15.Rae1 Rb5
16.Qe2 Bd8 17.g4 f5 18.Nc4 Bc7 19.a4 Rb8 20.e5 d5 21.Nd2 Qe7 22.Rg1 Bb7 23.c4 Ba5
24.Rb1 Nh4 25.Nf1 Bc8 26.Ng3 Bd8 27.Nh5 Kh8 28.Qf2 d4 29.Bd2 fxg4 30.Rxg4 Nf5
31.Qg2 Qf7 32.Ng3 Nh6 33.Ng5 Qg6 34.N3e4 Nxg4 35.Qxg4 h6 36.Qh3 Qf5 37.Nxc5 Be7
38.Qxf5 exf5 39.Nge6 Rg8 40.Ba5 Bxe6 41.Nxe6 c5 42.b4 g5 43.b5 Rg6 44.Nc7 Bd8
45.Na6 Rxa6 46.Bxd8 Rxa4 47.Be7 Rc8 48.fxg5 hxg5 49.Bxg5 Ra3 50.Rd1 Ra2 51.e6 Kg7
52.h4 Re8 53.e7 Re2 54.Ra1 R2xe7 55.Bxe7 Rxe7 56.Kg2 Kg6 57.Kf3 Re3+ 58.Kf4 Rxd3
59.Ra6+ Kh5 60.Rc6 Rd1 61.Kxf5 Rf1+ 62.Ke4 Re1+ 63.Kd3 Re5 64.Rc7 Kxh4 65.Rxa7 Re3+
66.Kd2 Rc3 67.b6 Rxc4 68.Ra5 Rb4  1/2-1/2

[Event "Kuna Arandu Elite"]
[Site "Luque PAR"]
[Date "2012.06.13"]
[Round "9"]
[White "Sanchez Castillo,S"]
[Black "Zambrana,O"]
[Result "1/2-1/2"]
[WhiteElo "2234"]
[BlackElo "2467"]

1.e4 c5 2.Nf3 Nc6 3.Bb5 e6 4.O-O Nge7 5.d4 cxd4 6.Nxd4 Qb6 7.Nxc6 Nxc6 8.Nc3 Be7
9.Be3 Qc7 10.Qg4 Bf6  1/2-1/2

[Event "26th Pula Open"]
[Site "Pula CRO"]
[Date "2012.06.14"]
[Round "7.30"]
[White "Uwira,O"]
[Black "Saradjen,J"]
[Result "1/2-1/2"]
[WhiteElo "2248"]
[BlackElo "2117"]

1.e4 c5 2.Nf3 Nc6 3.Bb5 Na5 4.O-O a6 5.Be2 d5 6.exd5 Qxd5 7.Nc3 Qd8 8.d4 cxd4
9.Nxd4 Nf6 10.Be3 e6 11.Nb3 Qxd1 12.Rfxd1 Nxb3 13.axb3 Be7 14.Bb5+ Bd7 15.Bxd7+ Nxd7  1/2-1/2

[Event "16th Voronezh Master Open"]
[Site "Voronezh RUS"]
[Date "2012.06.14"]
[Round "3.27"]
[White "Zhurikhin,A"]
[Black "Ulko,J"]
[Result "1/2-1/2"]
[WhiteElo "2272"]
[BlackElo "2460"]

1.e4 c5 2.Nf3 Nc6 3.Bb5 d6 4.O-O Bd7 5.Re1 Nf6 6.c3 a6 7.Bf1 Bg4 8.d4 cxd4
9.cxd4 Bxf3 10.gxf3 e5 11.d5 Nd4 12.f4 Nd7 13.Be3 Qh4 14.Nd2 g6 15.Nc4 b5
16.fxe5 dxe5 17.Nxe5 Nxe5 18.Bxd4 Bd6 19.Bg2 O-O 20.h3 Rac8 21.b3 f5 22.exf5 Rxf5
23.Re4 Qh6 24.Qe1 Qg5 25.Rg4 Qf6 26.Re4 Qg5 27.Rg4 Qf6  1/2-1/2

[Event "16th Voronezh Master Open"]
[Site "Voronezh RUS"]
[Date "2012.06.14"]
[Round "3.34"]
[White "Smirnov,P"]
[Black "Chernyuk,Mikhail"]
[Result "1-0"]
[WhiteElo "2610"]
[BlackElo "2254"]

1.e4 c5 2.Nf3 Nc6 3.Bb5 e6 4.O-O Nd4 5.Nxd4 cxd4 6.d3 Ne7 7.Nd2 Nc6 8.Nc4 Qc7
9.Qf3 d6 10.Qg3 Bd7 11.Bd2 O-O-O 12.c3 dxc3 13.Bxc3 f6 14.Rac1 d5 15.exd5 Qxg3
16.hxg3 exd5 17.Na5 Kb8 18.Nxc6+ Bxc6 19.Bxc6 bxc6 20.Ba5 Rc8 21.Rfe1 Kb7
22.Re6 Ka6 23.Bd2 Kb5 24.g4 h5 25.g5 fxg5 26.Re5 Bd6 27.Rxg5 Rc7 28.b3 Kb6
29.Re1 Bc5 30.Bc3 Rf7 31.Re2 Rh7 32.Rg6 Kb7 33.b4 Bb6 34.a4 a6 35.Be1 Bd4
36.Ree6 Bf6 37.Re8 h4 38.Kh2 Rh5 39.Kh3 Rf5 40.f3 Rf4 41.Rg4 Rxg4 42.Kxg4 Re7
43.Rxe7+ Bxe7 44.Kf5 Bf6 45.Ke6 Kb6 46.Bf2+ Kb7 47.Bc5 Kc7 48.f4  1-0

[Event "16th Voronezh Master Open"]
[Site "Voronezh RUS"]
[Date "2012.06.15"]
[Round "4.22"]
[White "Rjabzev,K"]
[Black "Tarlev,K"]
[Result "0-1"]
[WhiteElo "2271"]
[BlackElo "2526"]

1.e4 c5 2.Nf3 Nc6 3.Bb5 d6 4.d4 cxd4 5.Nxd4 Bd7 6.Nc3 a6 7.Nxc6 bxc6 8.Bd3 Nf6
9.O-O e5 10.Kh1 Be7 11.f4 O-O 12.fxe5 dxe5 13.Be3 Be6 14.Na4 a5 15.b3 Rb8
16.Nc5 Bc8 17.Qe1 Qc7 18.a3 Nd7 19.Nxd7 Bxd7 20.Bc4 Be8 21.a4 Kh8 22.Bd2 Bb4
23.Bxb4 Rxb4 24.Rd1 f6 25.c3 Rb8 26.b4 Bg6 27.h3 Rfd8 28.Rxd8+ Rxd8 29.Qe3 axb4
30.cxb4 Rd4 31.Rc1 Bxe4 32.a5 h6 33.a6 Qb6 34.Qa3 Bxg2+ 35.Kh2 Rd2 36.Qc3 Qf2
37.Qg3 Qd4  0-1

[Event "26th Pula Open"]
[Site "Pula CRO"]
[Date "2012.06.16"]
[Round "9.35"]
[White "Berke,A"]
[Black "Kelecevic,N"]
[Result "1/2-1/2"]
[WhiteElo "2153"]
[BlackElo "2260"]

1.e4 c5 2.Nf3 Nc6 3.Bb5 d6 4.Bxc6+ bxc6 5.e5 Qc7 6.exd6 exd6 7.O-O Nf6 8.Re1+ Be7
9.Qe2 Bg4 10.d3 Bxf3 11.Qxf3 O-O 12.Nc3 Rae8 13.Bg5 h6 14.Bh4 Bd8 15.Bg3 Qd7
16.Ne4 Nxe4 17.dxe4 d5 18.Rad1 c4 19.h3 Bf6 20.Qa3 Be7 21.Qa4 Rd8 22.Re2 Qb7
23.c3 Bd6 24.Bxd6 Rxd6 25.Red2 Rfd8 26.Qa5 Qe7 27.exd5 Rxd5 28.Rxd5 Rxd5
29.Rxd5 cxd5 30.Qxd5 Qe1+ 31.Kh2 Qxf2 32.Qxc4 Qxb2 33.Qc8+ Kh7 34.a4 Qf2
35.Qc7 f5 36.Qg3 Qc5 37.Qd3 g5 38.c4  1/2-1/2

[Event "Teplice Open 2012"]
[Site "Teplice CZE"]
[Date "2012.06.16"]
[Round "1.48"]
[White "Grichkevitch,G"]
[Black "Maly,Jiri"]
[Result "1-0"]
[WhiteElo "2100"]
[BlackElo "1675"]

1.e4 c5 2.Nf3 Nc6 3.Bb5 a6 4.Bxc6 bxc6 5.O-O e6 6.d3 d6 7.e5 d5 8.c4 Ne7
9.Nc3 g6 10.Bg5 Bg7 11.Qd2 Qc7 12.Rfe1 O-O 13.Bf6 Nf5 14.g4 Nd4 15.Nxd4 cxd4
16.Ne2 c5 17.Ng3 Qc6 18.Nh5 Bb7 19.Bxg7 dxc4 20.Re4 cxd3 21.Rae1 f5 22.exf6 gxh5
23.Qg5 Qd5 24.Qh6 Rf7 25.h3 hxg4 26.hxg4 Qxe4 27.Rxe4 Bxe4 28.Qf4 Bd5 29.b3 Raf8
30.Bxf8 Rxf8 31.Qg5+ Kf7 32.Qg7+ Ke8  1-0

[Event "ch-FIN 2012"]
[Site "Helsinki FIN"]
[Date "2012.06.17"]
[Round "7"]
[White "Sipila,V"]
[Black "Luukkonen,T"]
[Result "1-0"]
[WhiteElo "2393"]
[BlackElo "2288"]

1.e4 c5 2.Nf3 Nc6 3.Bb5 g6 4.O-O Bg7 5.Re1 Nf6 6.Nc3 O-O 7.e5 Ng4 8.Bxc6 dxc6
9.d3 b6 10.Bf4 Nh6 11.d4 cxd4 12.Nxd4 Bb7 13.Qd2 c5 14.Bxh6 cxd4 15.Ne4 Bxe5
16.Bxf8 Kxf8 17.Qh6+ Bg7 18.Qxh7 Qd5 19.f3 d3 20.c3 Rd8 21.Red1 b5 22.Rd2 b4
23.cxb4 Qd4+ 24.Nf2 Qxb4 25.Rxd3 Rxd3 26.Nxd3 Qd4+ 27.Nf2 Qe3 28.Qh4 Bxb2
29.Rd1 Bd5 30.Qb4 Bc3 31.Qa3 f5 32.Rc1 Bd2 33.Qxe3 Bxe3 34.Rc2 e5 35.Kf1 Ke7
36.Ke2 Bd4 37.Nd1 Kd6 38.Kd2 e4 39.Nc3 exf3 40.Nb5+ Ke5 41.Nxd4 Kxd4 42.gxf3 Bxf3
43.Rc7 g5 44.Rxa7 f4 45.Rg7 g4 46.Rg5  1-0

[Event "3rd Forni di Sopra Open"]
[Site "Forni di Sopra ITA"]
[Date "2012.06.18"]
[Round "3.14"]
[White "Fiorido,G"]
[Black "Tregubov,P"]
[Result "0-1"]
[WhiteElo "2127"]
[BlackElo "2596"]

1.e4 c5 2.Nf3 Nc6 3.Bb5 Nf6 4.e5 Nd5 5.O-O Nc7 6.Bxc6 dxc6 7.d4 cxd4 8.Qxd4 Qxd4
9.Nxd4 c5 10.Nb3 b6 11.Nc3 Bf5  0-1

[Event "65th ch-RUS HL"]
[Site "Tyumen RUS"]
[Date "2012.06.18"]
[Round "3"]
[White "Rychkov,O"]
[Black "Frolyanov,D"]
[Result "0-1"]
[WhiteElo "2271"]
[BlackElo "2564"]

1.e4 c5 2.Nf3 Nc6 3.Bb5 d6 4.O-O Bd7 5.Re1 Nf6 6.c3 a6 7.Bf1 Bg4 8.d3 e6
9.Nbd2 Nd7 10.h3 Bh5 11.a4 Be7 12.Nc4 O-O 13.g4 Bg6 14.Bf4 Nf6 15.Bg3 d5
16.Nce5 Rc8 17.Nxc6 bxc6 18.Ne5 Nd7 19.Nxg6 hxg6 20.a5 Bh4 21.Bd6 Re8 22.e5 Be7
23.Bxe7 Qxe7 24.d4 Ra8 25.dxc5 Nxc5 26.Bg2 Reb8 27.b4 Nd7 28.Qe2 Ra7 29.Rab1 c5
30.b5 axb5 31.Rxb5 c4 32.Qe3 Rba8 33.Reb1 Rxa5 34.f4 Rxb5 35.Rxb5 Rb8 36.Ra5 Qd8
37.Ra6 Qc7 38.Kh2 g5 39.Rd6 gxf4 40.Qxf4 Nc5 41.Qd4 Rb6 42.Rxb6 Qxb6 43.Kg3 Qc7
44.Bxd5 exd5 45.Qxd5 Nd3  0-1

[Event "65th ch-RUS HL"]
[Site "Tyumen RUS"]
[Date "2012.06.18"]
[Round "3"]
[White "Artemiev,V"]
[Black "Shimanov,A"]
[Result "0-1"]
[WhiteElo "2459"]
[BlackElo "2600"]

1.e4 c5 2.Nf3 Nc6 3.Bb5 e6 4.Bxc6 bxc6 5.d3 Ne7 6.Qe2 f6 7.Nh4 g6 8.O-O Bg7
9.f4 O-O 10.Nf3 e5 11.fxe5 fxe5 12.Be3 d6 13.Nbd2 h6 14.Nc4 Be6 15.Qd2 Kh7
16.Qf2 Bf6 17.Bd2 Qd7 18.Qe3 Bg7 19.a3 g5 20.b4 cxb4 21.axb4 Ng6 22.h3 Nf4
23.Nh2 d5 24.Na5 d4 25.Qe1 Nxg2 26.Kxg2 Bxh3+ 27.Kh1 Bxf1 28.Nxf1 Qh3+ 29.Kg1 Qg4+
30.Kh1 Rf3 31.Nh2 Qh3 32.Nxc6 Raf8 33.Ne7 g4 34.Nf5 R8xf5 35.exf5 g3 36.Qe2 Rf2
37.Qxf2 gxf2 38.Rf1 Qg3  0-1

[Event "16th Voronezh Master Open"]
[Site "Voronezh RUS"]
[Date "2012.06.18"]
[Round "6.26"]
[White "Mikhailov,Vi"]
[Black "Golovin,Leo"]
[Result "1/2-1/2"]
[WhiteElo "2299"]
[BlackElo "2486"]

1.e4 c5 2.Nf3 Nc6 3.Bb5 Qb6 4.Nc3 e6 5.O-O Nge7 6.b3 a6 7.Bxc6 Nxc6 8.Bb2 d6
9.Ne2 Bd7 10.d4 cxd4 11.Nfxd4 Be7 12.Nxc6 Qxc6 13.Ng3 O-O 14.c4 f6 15.Qd2 Rfd8
16.Rfd1 b5 17.Rac1 Rac8 18.Ba3 e5 19.h3 Be6 20.cxb5 Qxb5 21.Nf1 Rxc1 22.Rxc1 Qb7
23.Qd3 Rd7 24.Qc2 d5 25.Bxe7 Rxe7 26.exd5 Qxd5 27.Ne3 Qb7 28.Qc6 Kf7 29.Qa4 Qb5
30.Qe4 g6 31.Qa8 Kg7 32.Rc6 Qa5 33.Qxa6 Qe1+ 34.Qf1 Qd2 35.Qd1 Qb4 36.Qd6 Qxd6
37.Rxd6 Kf7 38.Nd5 Ra7 39.Nb4 Rc7 40.Ra6 Rc1+ 41.Kh2 h5 42.h4 Rf1 43.Kg3 Re1
44.Nd3 Re4 45.f3 Rd4 46.Nc5 Bf5 47.Ra7+ Ke8 48.Ra4 Rd2 49.b4 g5 50.b5 Rb2
51.Nb3 Bd3 52.Ra8+ Kf7 53.Rd8 Bxb5 54.Rd2 Rxd2 55.Nxd2  1/2-1/2

[Event "Cerrado GM Hotel"]
[Site "Zaragoza ESP"]
[Date "2012.06.18"]
[Round "1.2"]
[White "Antoli Royo,J"]
[Black "Del Rey,D"]
[Result "1/2-1/2"]
[WhiteElo "2401"]
[BlackElo "2390"]

1.e4 c5 2.Nf3 Nc6 3.Bb5 d6 4.O-O Bd7 5.Nc3 Nf6 6.Re1 e6 7.Bxc6 Bxc6 8.d4 cxd4
9.Nxd4 Be7 10.Qf3 Rc8 11.Be3 O-O 12.Nxc6 bxc6 13.e5 dxe5 14.Bxa7 Qc7 15.Be3 Nd5
16.Na4 f5 17.Bc5 Bxc5 18.Nxc5 Qe7 19.b4 e4 20.Qb3 Rb8 21.a3 Rf6 22.g3 Rg6
23.Rad1 h5 24.Qa4 e5 25.Qb3 Kh7 26.c4 Nf4 27.Qc3 h4 28.Rd7 Qe8 29.Rd2 Rd8
30.Kf1 hxg3 31.hxg3 Rxd2 32.Qxd2 Ne6 33.Qd7 Qg8 34.Nxe6 Rxe6 35.Kg2 Rf6 36.Rh1+ Kg6
37.Rc1 Qa8 38.c5 Qxa3 39.Qe8+ Kg5 40.Rh1 Qf3+ 41.Kg1 e3 42.Rh2 e2 43.Qxe5 Qe4
44.f4+ Kg4 45.Rxe2 Qxe5 46.fxe5 Re6 47.Kf2 g5 48.Rd2 Rxe5 49.Rd4+  1/2-1/2

[Event "16th Voronezh Master Open"]
[Site "Voronezh RUS"]
[Date "2012.06.19"]
[Round "7.42"]
[White "Koba,I"]
[Black "Klimentov,R"]
[Result "1/2-1/2"]
[WhiteElo "2203"]
[BlackElo "2274"]

1.e4 c5 2.Nf3 Nc6 3.Bb5 d6 4.O-O Bg4 5.h3 Bh5 6.Re1 e6 7.c3 Nf6 8.g4 Bg6
9.d3 Nd7 10.Nbd2 Be7 11.Nf1 a6 12.Ba4 b5 13.Bc2 h5 14.Ng3 hxg4 15.hxg4 Nf6
16.Nh2 Kd7 17.f4 Rh3 18.Ngf1 Qh8 19.f5 Qh4 20.Re3 Bh7 21.Rxh3 Qxh3 22.d4 cxd4
23.cxd4 e5 24.dxe5 Nxe5 25.g5 Nh5 26.a4 f6 27.g6 Bg8 28.Ra3 Qh4 29.axb5 Bc4
30.bxa6 Rxa6 31.Rxa6 Bxa6 32.Be3 Bd8 33.Ba4+ Ke7 34.Qd5 Bc8 35.Qg8 Bd7 36.Bxd7 Kxd7
37.Qe6+ Kc7 38.Qd5 Nf4 39.Bxf4 Qxf4 40.Nd2 Qg3+ 41.Kh1 Nd3 42.Qc4+ Kb7 43.Qd5+ Ka7
44.Qa2+ Kb8 45.Qb3+  1/2-1/2

[Event "Hotel El Aguila GM"]
[Site "Utebo ESP"]
[Date "2012.06.22"]
[Round "7.5"]
[White "Cuartas,Ja"]
[Black "Del Rey,D"]
[Result "1-0"]
[WhiteElo "2523"]
[BlackElo "2390"]

1.e4 c5 2.Nf3 Nc6 3.Bb5 e6 4.Bxc6 bxc6 5.e5 Qc7 6.b3 f6 7.Bb2 fxe5 8.Nxe5 Nf6
9.f4 Be7 10.O-O O-O 11.c4 d6 12.Nd3 Bd7 13.Qe2 Rae8 14.Nc3 Bd8 15.Na4 Re7
16.Nf2 Be8 17.Rac1 Bg6 18.g3 Ree8 19.Rfe1 Bf5 20.d3 Nd7 21.Qd2 Bf6 22.Bc3 Bd4
23.Bxd4 cxd4 24.c5 d5 25.Re2 g5 26.fxg5 e5 27.Kg2 Kh8 28.Rce1 Qd8 29.b4 Bg6
30.h4 Bh5 31.g4 Bf7 32.h5 Be6 33.b5 cxb5 34.c6 bxa4 35.cxd7 Qxd7 36.Rxe5 Bxg4
37.Rxe8 Bf3+ 38.Kg3 Qd6+ 39.R8e5 Rf5 40.Qc1 Be4 41.Ng4 Rxe5 42.Qf4  1-0

[Event "20th Montcada Open"]
[Site "Montcada i Reixac ESP"]
[Date "2012.06.25"]
[Round "1.16"]
[White "Fandino Reyes,R"]
[Black "Munoz Pantoja,M"]
[Result "1/2-1/2"]
[WhiteElo "2092"]
[BlackElo "2484"]

1.e4 c5 2.Nf3 Nc6 3.Bb5 g6 4.O-O Bg7 5.Re1 e5 6.Bxc6 dxc6 7.d3 b6 8.Be3 Ne7
9.Nbd2 h6 10.a4 Be6 11.a5 O-O 12.axb6 axb6 13.Rxa8 Qxa8 14.b4 cxb4 15.Bxb6 Qa4
16.Bc5 Re8 17.Qb1 Bf6 18.d4 exd4 19.Qxb4 Qxc2 20.Nxd4 Qa2 21.h3 Bxh3 22.Re3 Qa1+
23.Nf1 Bg4 24.Re1 Qa2 25.Ne3 Be6 26.Re2 Qa1+ 27.Re1 Qa2 28.Re2 Qa1+ 29.Re1 Qa2  1/2-1/2

[Event "Mukachevo Summer Open"]
[Site "Mukachevo UKR"]
[Date "2012.06.26"]
[Round "1.4"]
[White "Vorontsov,P"]
[Black "Bogdanovich,S"]
[Result "0-1"]
[WhiteElo "2150"]
[BlackElo "2515"]

1.e4 c5 2.Nf3 Nc6 3.Bb5 e6 4.O-O Nge7 5.Re1 a6 6.Bf1 d5 7.exd5 Nxd5 8.d4 Nf6
9.Be3 Be7 10.c4 cxd4 11.Nxd4 Nxd4 12.Qxd4 Bd7 13.Nc3 Bc6 14.a3 O-O 15.b4 Qxd4
16.Bxd4 Rfd8 17.Rad1 a5 18.c5 axb4 19.axb4 Kf8 20.Be5 Rxd1 21.Rxd1 Ng4 22.Bg3 Ra3
23.Nb5 Rb3 24.Rd4 e5 25.Rxg4 f5 26.Rxg7 Kxg7 27.Bxe5+ Bf6 28.Nd4 Rxb4 29.Nxf5+ Kg6  0-1

[Event "65th ch-RUS HL"]
[Site "Tyumen RUS"]
[Date "2012.06.27"]
[Round "11"]
[White "Zvjaginsev,V"]
[Black "Frolyanov,D"]
[Result "1-0"]
[WhiteElo "2683"]
[BlackElo "2564"]

1.e4 c5 2.Nf3 Nc6 3.Bb5 d6 4.d4 cxd4 5.Qxd4 Bd7 6.Qd3 Nf6 7.c4 g6 8.Nc3 Bg7
9.O-O O-O 10.h3 a6 11.Bxc6 Bxc6 12.Be3 Rc8 13.Nd4 Nd7 14.Rac1 Nc5 15.Qc2 Bd7
16.Qd2 Qe8 17.Nde2 b5 18.b4 Ne6 19.cxb5 Bxb5 20.Nd5 Rb8 21.Rfe1 Rb7 22.Nd4 Nxd4
23.Bxd4 Bxd4 24.Qxd4 Bc6 25.Ne3 Bd7 26.a3 Qb8 27.Nd5 Be6 28.Rc6 Qa7 29.Qd3 Ra8
30.Rec1 a5 31.b5 a4 32.b6 Qa5 33.Qd4 Rf8 34.Rb1 f5 35.Rc7 Bxd5 36.Qxd5+ Qxd5
37.exd5 Rfb8 38.Rxb7 Rxb7 39.Kf1 Kf7 40.Ke2 e6 41.Kd3 exd5 42.Kd4 Ke6 43.f4 Rb8
44.b7 Kd7 45.Kxd5 Kc7 46.g3 Kd7 47.g4 fxg4 48.hxg4 h6 49.f5 gxf5 50.gxf5 h5
51.f6 h4 52.Rg1 Kc7 53.Rg7+ Kb6 54.Rh7 h3 55.Rxh3  1-0

[Event "30th Greek Cup 2012"]
[Site "Achaea GRE"]
[Date "2012.06.28"]
[Round "1.3"]
[White "Gavrilakis,N"]
[Black "Pavlidis,Ana"]
[Result "1-0"]
[WhiteElo "2406"]
[BlackElo "2360"]

1.e4 c5 2.Nf3 Nc6 3.Bb5 Qc7 4.O-O Nf6 5.Qe2 a6 6.Bxc6 dxc6 7.d3 e5 8.Nbd2 Bg4
9.Qe3 Nd7 10.a4 Be7 11.a5 O-O-O 12.Nc4 h5 13.h3 Be6 14.Bd2 Rdg8 15.Ng5 Bxc4
16.dxc4 f6 17.Nf3 g5 18.Kh2 Nf8 19.g3 Ng6 20.Ng1 Qd7 21.Rfd1 Qe6 22.b3 f5
23.exf5 Qxf5 24.Qf3 Qe6 25.Qe4 g4 26.h4 Rf8 27.Be3 Rf7 28.Rd2 Rhf8 29.Rad1 Bxh4
30.gxh4 Nxh4 31.Rd6 Qe7 32.Rd7 Qe6 33.Rxf7 Rxf7 34.Qd3 Qf6 35.Qd6 Qxd6 36.Rxd6 Nf5
37.Rd2 Nd4 38.b4 cxb4 39.Bxd4 exd4 40.Kg3 c5 41.Kh4 Rf5 42.Kg3 b6 43.axb6 a5
44.Re2 Kb7 45.Re6 a4 46.Ne2 Rf3+ 47.Kg2 a3 48.Ng3 a2 49.Ne4 Rf5 50.Nd6+ Ka6
51.b7 Rf8 52.Re1 d3 53.Ra1 d2 54.Rxa2+ Kb6 55.Ra8  1-0

[Event "7th Vladimir Dvorkovich Cup"]
[Site "Moscow RUS"]
[Date "2012.06.29"]
[Round "1.10"]
[White "Abbasov,Amil1"]
[Black "Alekseenko,K"]
[Result "1-0"]
[WhiteElo "2201"]
[BlackElo "2445"]

1.e4 c5 2.Nf3 Nc6 3.Bb5 e6 4.O-O Nge7 5.c3 a6 6.Bxc6 Nxc6 7.d4 d5 8.exd5 Qxd5
9.Be3 c4 10.Nbd2 b5 11.b3 Na5 12.bxc4 Nxc4 13.Nxc4 bxc4 14.Ne5 f6 15.Nf3 Bd6
16.Nd2 Bb7 17.f3 O-O 18.Qe2 Rac8 19.Rab1 Rf7 20.Bf2 e5 21.Ne4 Bb8 22.Nc5 Ba8
23.Nxa6 Bd6 24.Nb4 Qa5 25.Rfd1 exd4 26.Bxd4 Re7 27.Qf2 Qh5 28.h3 Qg5 29.Nc2 Rce8
30.h4 Qf4 31.Re1 Qh2+ 32.Kf1 Bg3 33.Rxe7 Bxf2 34.Rxe8+ Kf7 35.Rxa8 Qg1+ 36.Ke2 Qxb1
37.Ra7+ Ke8 38.Kxf2 Qxc2+ 39.Kg3 Qg6+ 40.Kf2 Qh6 41.h5 Kf8 42.g4 Qd2+ 43.Kg3 g5
44.hxg6 hxg6 45.a4 Qe1+ 46.Kg2 f5 47.a5 Qd2+ 48.Kh3 Qf4 49.gxf5 Qxf3+ 50.Kh2 gxf5
51.a6 f4 52.Rg7 Qe2+ 53.Kh3 Qe6+ 54.Kg2 Qe2+ 55.Kh3 Qe6+ 56.Kg2 Qe4+ 57.Kf2 Qc2+
58.Kf3 Qd1+ 59.Kxf4 Qd2+ 60.Ke4 Qd3+ 61.Kd5 Qf5+ 62.Kc6 Qe6+ 63.Kb5 Qd5+
64.Kb4 Qe4 65.a7 Qb1+ 66.Ka5 Qf5+ 67.Kb6 Qe6+ 68.Kc7 Qd5 69.Rd7 Qa5+ 70.Bb6 Qe5+
71.Kb7 Qe4+ 72.Ka6  1-0

[Event "ch-UAE 2012"]
[Site "Abu Dhabi UAE"]
[Date "2012.06.30"]
[Round "3.1"]
[White "Khouri,A"]
[Black "Salem,AR"]
[Result "0-1"]
[WhiteElo "2073"]
[BlackElo "2528"]

1.e4 c5 2.Nf3 Nc6 3.Bb5 e6 4.O-O Nge7 5.c3 a6 6.Ba4 c4 7.d4 cxd3 8.Qxd3 Ng6
9.Nd4 b5 10.Bc2 Bb7 11.f4 Bc5 12.Be3 Qb6 13.Kh1 Rc8 14.Nd2 Bxd4 15.Bxd4 Nxd4
16.cxd4 f5 17.Bb3 Ne7 18.exf5 Nxf5 19.Nf3 Bxf3 20.Qxf3 Nxd4 21.Qe3 Rc6 22.Rac1 Qc7
23.Rxc6 Nxc6 24.Rc1 Rf8 25.g3 Qb7 26.Bd5 Qa7 27.Qxa7 Nxa7 28.Be4 Ke7 29.Bxh7 Nc6
30.Be4 Na5 31.Rc7 Nc4 32.b3 Ne3 33.Kg1 g5 34.Rc3 gxf4 35.gxf4 Rg8+ 36.Kh1 Nd1
37.Rc2 Rg4 38.Bb7 Rxf4 39.Rd2 Ne3 40.h3 a5 41.Bc8 Rf1+ 42.Kh2 d5 43.h4  0-1